Právne aspekty autonómnej mobility v SR a vo svete bakalárska práca

Enregistré dans:
Détails bibliographiques
Auteur principal: Gazdaricová, Daniela
Collectivités auteurs: Ekonomická univerzita v Bratislave. Národohospodárska fakulta, Univerzita Komenského v Bratislave. Právnická fakulta
Autres auteurs: Hodás, Milan
Format: Livre
Langue:slovaque
Publié: Bratislava 2024
Tags: Ajouter un tag
Pas de tags, Soyez le premier à ajouter un tag!

MARC

LEADER 00000nbm a2200000 4500
001 0303022
005 20250611092139.6
041 0 |a slo 
044 |a SK 
245 1 0 |a Právne aspekty autonómnej mobility v SR a vo svete  |b bakalárska práca  |c Daniela Gazdaricová ; školiteľ: Milan Hodás 
264 1 |a Bratislava  |c 2024 
300 |a 54 s. 
100 1 |a Gazdaricová, Daniela 
700 1 |a Hodás, Milan 
710 2 |a Ekonomická univerzita v Bratislave. Národohospodárska fakulta 
710 2 |a Univerzita Komenského v Bratislave. Právnická fakulta